000 00466nam a22001697a 4500
005 20231212161552.0
008 231106b |||||||| |||| 00| 0 eng d
020 _a9789390054886
_cRs. 1395.00
040 _aMAIN
082 _a570
_bK144C
100 _aKar, Debasish, ed.
245 _aComprehensive life sciences: Theory, problems and solutions. V1
260 _aNew Delhi
_bViva Books
_c2021
300 _axxxiv, 1172
650 _aLife Sciences
942 _cBK
999 _c308866
_d308866